К расчету энергетических характеристик резонансных СВЧ-компрессоров
| Autor principal: | |
|---|---|
| Autor Corporativo: | |
| Outros Autores: | |
| Resumo: | Деп. в ВИНИТИ 28.11.08, № 916-В2008 В обобщенном виде выведены формулы для расчета оптимальных энергетических характеристик резонансных СВЧ-компрессоров. Приведены результаты расчета характеристик. Полученные данные позволяют находить коэффициент усиления и компрессора, максимальную и оптимальную эффективности накопления СВЧ-энергии, оптимальную входную связь резонатора, напряженность поля и мощность потерь в резонаторе по значениям рабочей частоты, добротности и объема резонатора, мощности входных и длительности входных и выходных импульсов СВЧ. В фонде НТБ ТПУ отсутствует |
| Idioma: | russo |
| Publicado em: |
Томск, 2008
|
| Assuntos: | |
| Formato: | Livro |
| KOHA link: | https://koha.lib.tpu.ru/cgi-bin/koha/opac-detail.pl?biblionumber=601440 |
MARC
| LEADER | 00000nam0a2200000 4500 | ||
|---|---|---|---|
| 001 | 601440 | ||
| 005 | 20231101132144.0 | ||
| 029 | 0 | 0 | |a RU |b 916-В2008 |f ВИНИТИ |
| 035 | |a (RuTPU)RU\TPU\tpu\26244 | ||
| 035 | |a RU\TPU\tpu\23132 | ||
| 090 | |a 601440 | ||
| 100 | |a 20141204j20081128k y0rusy50 ca | ||
| 101 | 0 | |a rus | |
| 102 | |a RU | ||
| 105 | |a y z 000zy | ||
| 200 | 1 | |a К расчету энергетических характеристик резонансных СВЧ-компрессоров |f С. Н. Артеменко, Ю. Г. Юшков |g ред. журн. "Известия вузов. Физика" | |
| 210 | |a Томск |d 2008 | ||
| 215 | |a 8 с. | ||
| 300 | |a Деп. в ВИНИТИ 28.11.08, № 916-В2008 | ||
| 320 | |a Библиогр.: 7 назв. | ||
| 330 | |a В обобщенном виде выведены формулы для расчета оптимальных энергетических характеристик резонансных СВЧ-компрессоров. Приведены результаты расчета характеристик. Полученные данные позволяют находить коэффициент усиления и компрессора, максимальную и оптимальную эффективности накопления СВЧ-энергии, оптимальную входную связь резонатора, напряженность поля и мощность потерь в резонаторе по значениям рабочей частоты, добротности и объема резонатора, мощности входных и длительности входных и выходных импульсов СВЧ. | ||
| 333 | |a В фонде НТБ ТПУ отсутствует | ||
| 610 | 1 | |a труды учёных ТПУ | |
| 610 | 1 | |a депонированные рукописи | |
| 700 | 1 | |a Артеменко |b С. Н. |c физик |c ведущий научный сотрудник Томского политехнического университета, доктор физико-математических наук |f 1951- |g Сергей Николаевич |2 stltpush |3 (RuTPU)RU\TPU\pers\25663 | |
| 701 | 1 | |a Юшков |b Ю. Г. |c электрофизик |c профессор Томского политехнического университета, доктор технических наук |f 1937- |g Юрий Георгиевич |x TPU |2 stltpush |3 (RuTPU)RU\TPU\pers\22023 | |
| 712 | 0 | 2 | |a "Известия вузов. Физика", журнал |c Томск |
| 801 | 1 | |a RU |b 63413507 |c 20120220 | |
| 801 | 2 | |a RU |b 63413507 |c 20141204 |g RCR | |
| 942 | |c BK | ||